Boi-ecology, damage assessment and management of angoumois grain moth, Sitotroga cerealella olivier / (Record no. 14551)
[ view plain ]
| 000 -LEADER | |
|---|---|
| fixed length control field | 00995nam a22002537a 4500 |
| 001 - CONTROL NUMBER | |
| control field | BD-DhSAU 14358 |
| 003 - CONTROL NUMBER IDENTIFIER | |
| control field | BD-DhSAU |
| 005 - DATE AND TIME OF LATEST TRANSACTION | |
| control field | 20191105153605.0 |
| 008 - FIXED-LENGTH DATA ELEMENTS--GENERAL INFORMATION | |
| fixed length control field | 150620b2018 Bg a||||r|||| 000 0 eng d |
| 040 ## - CATALOGING SOURCE | |
| Original cataloging agency | BD-DhSAU |
| 082 ## - DEWEY DECIMAL CLASSIFICATION NUMBER | |
| Edition number | 22 |
| Classification number | 595.7 |
| Item number | Al117 |
| 100 ## - MAIN ENTRY--PERSONAL NAME | |
| Personal name | Alam, Md. Monsur |
| 245 ## - TITLE STATEMENT | |
| Title | Boi-ecology, damage assessment and management of angoumois grain moth, Sitotroga cerealella olivier / |
| Remainder of title | Ph.D. Thesis |
| Statement of responsibility, etc. | Md. Monsur Alam |
| 260 ## - PUBLICATION, DISTRIBUTION, ETC. (IMPRINT) | |
| Place of publication, distribution, etc. | Entomology : |
| Name of publisher, distributor, etc. | Sher-e-Bangla Agricultural University |
| Date of publication, distribution, etc. | 2017 |
| 300 ## - PHYSICAL DESCRIPTION | |
| Extent | xvii, 186 p. : |
| Other physical details | ill. ; |
| Dimensions | 30 cm. |
| 500 ## - GENERAL NOTE | |
| General note | Ph.D thesis, Depart. of Entomology, Sher-E- Bangla Agricultural University. |
| 590 ## - Name of Cataloguer | |
| Name of Cataloger | Roy |
| 650 ## - SUBJECT ADDED ENTRY--TOPICAL TERM | |
| Topical term or geographic name as entry element | Grain moth |
| 650 ## - SUBJECT ADDED ENTRY--TOPICAL TERM | |
| Topical term or geographic name as entry element | Sitotroga cerealella olivier |
| 700 ## - ADDED ENTRY--PERSONAL NAME | |
| Personal name | Ali, Md. Razzab |
| Relator term | Major Advisor |
| 700 ## - ADDED ENTRY--PERSONAL NAME | |
| Personal name | Miah, Md. Ramiz Uddin |
| Relator term | Vice-Advisor |
| 856 ## - ELECTRONIC LOCATION AND ACCESS | |
| Uniform Resource Identifier | <a href="http://archive.saulibrary.edu.bd:8080/xmlui/handle/123456789/2609">http://archive.saulibrary.edu.bd:8080/xmlui/handle/123456789/2609</a> |
| Link text | Online access |
| 942 ## - ADDED ENTRY ELEMENTS (KOHA) | |
| Source of classification or shelving scheme | Dewey Decimal Classification |
| Koha item type | PhD Thesis |
| Withdrawn status | Lost status | Source of classification or shelving scheme | Damaged status | Not for loan | Collection code | Home library | Branch Name | Shelving location | Date acquired | Total Checkouts | Full call number | Barcode | Date last seen | Price effective from | Koha item type |
|---|---|---|---|---|---|---|---|---|---|---|---|---|---|---|---|
| Dewey Decimal Classification | Not For Loan | Reference | SAU Library | SAU Library | Reference | 01/01/2019 | 595.7 Al117 | 41018 | 01/01/2019 | 01/01/2019 | MS Level Thesis |
